| 000 -CABECERA |
| campo de control de longitud fija |
00782nam a2200217 u 4500 |
| 001 - NÚMERO DE CONTROL |
| campo de control |
000054489 |
| 005 - FECHA Y HORA DE LA ÚLTIMA TRANSACCIÓN |
| campo de control |
20200120222846.0 |
| 008 - DATOS DE LONGITUD FIJA--INFORMACIÓN GENERAL |
| campo de control de longitud fija |
130527s2003 ck gr 000 0 spa d |
| 041 0# - CÓDIGO DE LENGUA |
| Código de lengua del texto/banda sonora o título independiente |
|spa |
| 082 04 - NÚMERO DE LA CLASIFICACIÓN DECIMAL DEWEY |
| Número de clasificación |
291.5693 |
| Número de documento/Ítem |
P76 |
| Número de edición |
21 |
| 245 13 - MENCIÓN DE TÍTULO |
| Título |
El profeta : |
| Resto del título |
el asesinato a los animales es la muerte de los hombres/. |
| 250 ## - MENCIÓN DE EDICIÓN |
| Mención de edición |
1a. ed. |
| 260 ## - PUBLICACIÓN, DISTRIBUCIÓN, ETC. |
| Lugar de publicación, distribución, etc. |
Bogotá : |
| Nombre del editor, distribuidor, etc. |
DAS WORT, |
| Fecha de publicación, distribución, etc. |
2003. |
| 300 ## - DESCRIPCIÓN FÍSICA |
| Extensión |
53 p. |
| 490 ## - MENCIÓN DE SERIE |
| Mención de serie |
El espíritu universal, vivir en el espirítu de Dios ; 16 |
| 500 ## - NOTA GENERAL |
| Nota general |
Ejemplar 1 de Biblioteca Mosquera corresponde a la colección de la Casa de la Cultura |
| 500 ## - NOTA GENERAL |
| Nota general |
Título original : Der Mord an den Tieren ist der Tod der Menschen |
| 650 27 - PUNTO DE ACCESO ADICIONAL DE MATERIA--TÉRMINO DE MATERIA |
| Término de materia o nombre geográfico como elemento de entrada |
Teología natural |
| Fuente del encabezamiento o término |
LEMB |
| 650 17 - PUNTO DE ACCESO ADICIONAL DE MATERIA--TÉRMINO DE MATERIA |
| Término de materia o nombre geográfico como elemento de entrada |
Trato de los animales |
| Fuente del encabezamiento o término |
LEMB |
| 650 17 - PUNTO DE ACCESO ADICIONAL DE MATERIA--TÉRMINO DE MATERIA |
| Término de materia o nombre geográfico como elemento de entrada |
Animales y civilización |
| Fuente del encabezamiento o término |
LEMB |